Diccionario de química y de productos químicos : (Registro nro. 7864)

Detalles MARC
000 -CABECERA
Campo de control interno 01784nam a2200241Ia 4500
008 - ELEMENTOS DE LONGITUD FIJA - INFORMACIÓN GENERAL
Campo de control de longitud fija 260220t1959||||xx |||||||||||||| ||spa||
040 ## - FUENTE DE CATALOGACIÓN
Agencia de catalogación original PY-SlUNAC
Idioma de catalogación spa
Convenciones de descripción rda
041 ## - CÓDIGO DE IDIOMA
Código de idioma para texto/pista de sonido o título separado spa
082 ## - NÚMERO DE CLASIFICACIÓN DECIMAL DEWEY
Clasificación Decimal Dewey (CDD) 540.3
Clasificación Expansiva de Cutter (EC) R795d
100 ## - ASIENTO PRINCIPAL - NOMBRE PERSONAL
Nombre personal Rose, Arthur y Elizabeth
Rol del autor Autor
245 #0 - TÍTULO
Título Diccionario de química y de productos químicos :
Subtítulo español - inglés / inglés - español /
Mención de responsabilidad por Arthur y Elizabeth Rose [Autor]
264 ## - PIE DE IMPRENTA
Lugar Barcelona :
Editorial Omega,
Año ℗1959.
300 ## - DESCRIPCIÓN FÍSICA
Páginas 1 volumen
520 ## - NOTA DE RESUMEN
Nota de resumen El "Diccionario de química y de productos químicos" de Arthur y Elizabeth Rose es una obra de referencia fundamental que abarca una amplia gama de términos y conceptos relacionados con la química en español e inglés. Publicado en 1959 por la editorial Omega, el diccionario se presenta como una herramienta indispensable para estudiantes, investigadores y profesionales del campo químico, facilitando la comprensión y el uso de la terminología específica en ambos idiomas. A lo largo de sus páginas, el texto no solo incluye definiciones precisas, sino también términos técnicos y productos químicos, lo que lo convierte en un recurso valioso para la traducción y el estudio del lenguaje científico. La obra refleja el estado del conocimiento químico de la época, ofreciendo un puente entre las comunidades hispanohablantes e angloparlantes. Su meticulosa recopilación de términos asegura una consulta eficaz y un aprendizaje fluido, promoviendo así el intercambio de información en el ámbito de la química globalmente.
653 ## - MATERIA - TÉRMINO TEMÁTICO NO CONTROLADO (PALABRAS CLAVE)
Materia - término temático no controlado (palabras clave) Diccionarios
653 ## - MATERIA - TÉRMINO TEMÁTICO NO CONTROLADO (PALABRAS CLAVE)
Materia - término temático no controlado (palabras clave) Química
653 ## - MATERIA - TÉRMINO TEMÁTICO NO CONTROLADO (PALABRAS CLAVE)
Materia - término temático no controlado (palabras clave) Traducción
942 ## - ELEMENTOS PERSONALIZADOS (KOHA)
Fecha catalogación 2026/02/17
Tipo de documento Libros
Existencias
Fuente de Clasificacion Colección Ubicacion permanente Biblioteca actual Fecha de Ingreso a la Biblioteca Origen de adquisición Código de ubicación Código de barras Tipo de Item KOHA Nota pública
Dewey Decimal Classification Colección General (CG) Biblioteca e Internet, Facultad de Ciencias Exactas y Naturales Biblioteca e Internet, Facultad de Ciencias Exactas y Naturales 02/20/2026 Donación 540.3 R795d CG1224 Libros Material disponible en la Biblioteca e Intenet, Campus UNA, San Lorenzo.